[Event "Titled Tue 3rd Jan Late"]
[Site "chess.com INT"]
[Date "2025.06.03"]
[Round "4"]
[White "Robert, Yoann"]
[Black "Shukhman, Anna"]
[Result "1-0"]
[WhiteTitle "CM"]
[BlackTitle "WGM"]
[WhiteElo "2198"]
[BlackElo "2413"]
[WhiteFideId "36018805"]
[BlackFideId "54180058"]
[EventDate "2025.06.03"]

1. d4 d5 2. Nc3 Nf6 3. Bf4 a6 4. e3 b5 5. Nf3 e6 6. Ne5 c5 7. Qf3 Bb7 8. dxc5
Bxc5 9. O-O-O Nc6 10. Qh3 Rc8 11. Bd3 Nxe5 12. Bxe5 b4 13. Na4 Be7 14. b3 Qa5
15. Kb1 Bc6 16. Nb2 Bb5 17. f3 Bxd3 18. Rxd3 Qc5 19. Rc1 O-O 20. g4 Nd7 21. Bd4
Qc6 22. f4 f6 23. Na4 e5 24. Bb2 Nc5 25. Nxc5 Bxc5 26. fxe5 fxe5 27. Bxe5 Rce8
28. Bb2 Qb6 29. Qh5 Bxe3 30. Qxd5+ Kh8 31. Qd7 Qg6 32. Rcd1 Bg5 33. Qb7 h6 34.
Qxb4 Rd8 35. Rxd8 Rxd8 36. Rxd8+ Bxd8 37. Qf8+ Kh7 38. Qxd8 Qxg4 39. a4 Qg1+ 40.
Ka2 Qxh2 41. Qd3+ Kh8 42. Qxa6 Qc7 43. Qa8+ Kh7 44. a5 h5 45. a6 Qa5+ 46. Kb1
Qe1+ 47. Bc1 h4 48. a7 h3 49. Qb7 h2 50. a8=Q 1-0

[Event "Titled Tue 3rd Jan Late"]
[Site "chess.com INT"]
[Date "2025.06.03"]
[Round "4"]
[White "Cernov, Henrik"]
[Black "Guliev, Gasan"]
[Result "1-0"]
[WhiteTitle "FM"]
[BlackTitle "CM"]
[WhiteElo "2325"]
[BlackElo "2123"]
[WhiteFideId "16258312"]
[BlackFideId "34165638"]
[EventDate "2025.06.03"]

1. e4 c5 2. Nf3 Nc6 3. d4 cxd4 4. Nxd4 Nf6 5. Nc3 e5 6. Ndb5 d6 7. Nd5 Nxd5 8.
exd5 Nb8 9. Qf3 a6 10. Qa3 Be7 11. Bg5 f6 12. Be3 O-O 13. O-O-O Bf5 14. Nc3 Nd7
15. h4 b5 16. f3 Qb8 17. Qb4 Nb6 18. h5 Bd7 19. Qh4 Rc8 20. Ne4 Nc4 21. Bxc4
Rxc4 22. b3 Rc7 23. Kb1 Qd8 24. h6 g5 25. Qh5 Rac8 26. Bb6 Be8 27. Qg4 Bg6 28.
Qe6+ Bf7 29. Qh3 Bg6 30. g4 a5 31. Qf1 Qd7 32. Bxc7 Qxc7 33. Rc1 a4 34. Qxb5
axb3 35. axb3 Rb8 36. Qd3 Qa5 37. Kb2 Bd8 38. Ra1 Qb4 39. Ra6 Bb6 40. c3 Bd4 41.
Ra3 Bxe4 42. fxe4 Rc8 43. Qxd4 exd4 44. cxb4 d3 45. Rd1 Rc2+ 46. Kb1 Re2 47.
Rxd3 Kf7 48. Rd4 Kg6 49. b5 1-0

[Event "Titled Tue 3rd Jan Late"]
[Site "chess.com INT"]
[Date "2025.06.03"]
[Round "4"]
[White "Garcia Gracia, Victor Hugo"]
[Black "Serban, Cristian-Stefan"]
[Result "0-1"]
[WhiteTitle "CM"]
[BlackTitle "FM"]
[WhiteElo "2206"]
[BlackElo "2332"]
[WhiteFideId "22295755"]
[BlackFideId "1241443"]
[EventDate "2025.06.03"]

1. e4 g6 2. d4 Bg7 3. Nc3 d6 4. f4 a6 5. Nf3 b5 6. a3 Nd7 7. e5 c5 8. exd6 cxd4
9. Nxd4 Qb6 10. Be3 Qxd6 11. Qf3 Rb8 12. Rd1 Bb7 13. Qf2 Qc7 14. Be2 Ngf6 15.
O-O O-O 16. Bf3 Rbc8 17. Bxb7 Qxb7 18. h3 Nc5 19. f5 Nce4 20. Nxe4 Qxe4 21. c3
Rfd8 22. fxg6 hxg6 23. Bg5 Qd5 24. Qh4 Rc5 25. Bxf6 Bxf6 26. Rxf6 exf6 27. Qxf6
Qd6 28. Qf2 Rd5 29. Rf1 Rd7 30. Kh1 Re5 31. Qf4 Re1 32. Qf2 Rxf1+ 33. Qxf1 Qe5
34. Qf3 Qd5 35. Qf6 Qd6 36. Qg5 Re7 37. Nf3 Kg7 38. h4 Qf6 39. Qg4 Re2 40. Ng5
Re1+ 41. Kh2 Qe5+ 42. g3 Qe2+ 43. Qxe2 Rxe2+ 44. Kh3 Rxb2 45. Ne4 Rb3 46. a4
bxa4 47. Nc5 Rxc3 0-1

[Event "Titled Tue 3rd Jan Late"]
[Site "chess.com INT"]
[Date "2025.06.03"]
[Round "4"]
[White "Kleiman, Jake"]
[Black "Bogaudinov, Rushan"]
[Result "1-0"]
[WhiteTitle "IM"]
[BlackTitle "FM"]
[WhiteElo "2399"]
[BlackElo "1912"]
[WhiteFideId "2020041"]
[BlackFideId "4129288"]
[EventDate "2025.06.03"]

1. h4 d5 2. d4 c5 3. e3 Nc6 4. Nc3 e6 5. Nf3 Nf6 6. a3 a6 7. dxc5 Bxc5 8. b4 Be7
9. h5 h6 10. Bb2 e5 11. Be2 Bg4 12. Nd2 Be6 13. Bf3 Rc8 14. Nb3 O-O 15. Na4 a5
16. b5 Na7 17. Bxe5 Nxb5 18. Nd4 Nxd4 19. Bxd4 Ne4 20. Bxe4 dxe4 21. Nc3 Bf6 22.
Nxe4 Bxd4 23. Qxd4 Qxd4 24. exd4 Rxc2 25. O-O Rc4 26. Nd6 Rxd4 27. Nxb7 Ra8 28.
Rfd1 Rxd1+ 29. Rxd1 Bg4 30. Rd5 a4 31. Nc5 Ra5 32. f3 Be6 33. Rd8+ Kh7 34. Nxe6
fxe6 35. Rd4 Kg8 36. g4 Kf7 37. Kf2 Kf6 38. Rb4 g6 39. hxg6 Kxg6 40. Kg3 h5 41.
Kh4 hxg4 42. fxg4 Kf6 43. Kg3 Kg5 44. Kf3 Rc5 45. Rxa4 Rc3+ 46. Ke4 Kxg4 47.
Ke5+ Kf3 48. Kxe6 Ke3 49. Kd5 Rc8 50. Rc4 Kd3 51. Rxc8 1-0

[Event "Titled Tue 3rd Jan Late"]
[Site "chess.com INT"]
[Date "2025.06.03"]
[Round "4"]
[White "Dudin, Gleb"]
[Black "Fieberg, Samuel"]
[Result "1-0"]
[WhiteTitle "GM"]
[BlackTitle "FM"]
[WhiteElo "2564"]
[BlackElo "2157"]
[WhiteFideId "34184934"]
[BlackFideId "12901717"]
[EventDate "2025.06.03"]

1. Nf3 d5 2. g3 Nd7 3. d4 Nb6 4. a4 a5 5. Nc3 Bf5 6. Nh4 e6 7. Nxf5 exf5 8. Qd3
g6 9. Bg2 c6 10. O-O Nf6 11. f3 Bg7 12. e4 fxe4 13. fxe4 dxe4 14. Nxe4 Nxe4 15.
Qxe4+ Qe7 16. c3 Qxe4 17. Bxe4 f5 18. Bc2 O-O-O 19. Bg5 Rde8 20. Rfe1 Kd7 21.
Bb3 h6 22. Bf4 g5 23. Bd2 Nd5 24. Bc2 f4 25. Kg2 Ne3+ 26. Bxe3 Rxe3 27. Rxe3
fxe3 28. Kf3 Re8 29. Be4 Kd6 30. Kxe3 b6 31. Rf1 Rf8 32. Re1 Re8 33. Re2 Rf8 34.
Kd3 Re8 35. Kc4 Rf8 36. Bg6 Rf6 37. Bh5 Re6 38. Rf2 Rf6 39. Rd2 Re6 40. Bg4 Re4
41. Bf5 Re3 42. Rf2 Re8 43. Bg4 Rf8 44. Re2 Rf6 45. h3 Rf7 46. Re6+ Kc7 47. Rg6
Re7 48. Be6 Bf8 49. Kd3 Bg7 50. Bf5 Bf8 51. Be4 c5 52. Rc6+ Kd7 53. Rxb6 cxd4
54. Kxd4 Bg7+ 55. Kd3 Re5 56. Rb7+ Kd6 57. Rxg7 1-0

[Event "Titled Tue 3rd Jan Late"]
[Site "chess.com INT"]
[Date "2025.06.03"]
[Round "4"]
[White "Argandona Riveiro, Inigo"]
[Black "Borisov, Yuri"]
[Result "0-1"]
[WhiteTitle "IM"]
[BlackTitle "FM"]
[WhiteElo "2333"]
[BlackElo "2285"]
[WhiteFideId "2212072"]
[BlackFideId "1503928"]
[EventDate "2025.06.03"]

1. Nf3 e6 2. c4 f5 3. b3 Nf6 4. Bb2 d5 5. g3 Bd6 6. Bg2 O-O 7. O-O Qe7 8. d3 c6
9. Nbd2 e5 10. e4 fxe4 11. dxe4 d4 12. Ne1 c5 13. Nd3 Nc6 14. a3 Be6 15. Qe2 h6
16. f4 Bg4 17. Bf3 Bxf3 18. Qxf3 a6 19. b4 cxb4 20. axb4 Nxb4 21. fxe5 Bxe5 22.
Ba3 a5 23. Nb3 Nfd5 24. Qh5 Rxf1+ 25. Rxf1 Ne3 26. Bxb4 axb4 27. Nxe5 Nxf1 28.
Kxf1 Qf6+ 29. Kg2 Ra2+ 30. Kh3 Qf1+ 31. Kg4 Qe2+ 32. Nf3 Qxe4+ 33. Kh3 Qe6+ 34.
Qg4 Qxg4+ 35. Kxg4 d3 36. Nfd2 Kf7 37. Kf3 Ke6 38. Ke4 Kf6 39. Kxd3 Kg5 40. h3
h5 41. Nf3+ Kf5 42. Nfd4+ Ke5 43. Nf3+ Kf5 44. Nbd4+ Kf6 45. g4 Ra3+ 46. Ke4
hxg4 47. hxg4 g5 48. Nb5 Ra1 49. Nfd4 Re1+ 50. Kd5 Rg1 51. Kc5 Rxg4 52. Kxb4 Re4 0-1

[Event "Titled Tue 3rd Jan Late"]
[Site "chess.com INT"]
[Date "2025.06.03"]
[Round "4"]
[White "Carlsson, Ludvig"]
[Black "Panarin, Mikhail"]
[Result "0-1"]
[WhiteTitle "IM"]
[BlackTitle "GM"]
[WhiteElo "2374"]
[BlackElo "2562"]
[WhiteFideId "1727010"]
[BlackFideId "4153251"]
[EventDate "2025.06.03"]

1. Nf3 c5 2. c4 Nc6 3. Nc3 Nf6 4. d4 cxd4 5. Nxd4 g6 6. e4 d6 7. Be2 Nxd4 8.
Qxd4 Bg7 9. O-O O-O 10. Qd3 a5 11. Be3 a4 12. Rab1 Bd7 13. Bd4 Bc6 14. b4 axb3
15. axb3 Nd7 16. Bxg7 Kxg7 17. Qd4+ Nf6 18. Rfe1 Ra3 19. Nd5 e5 20. Qb2 Ra7 21.
Nxf6 Qxf6 22. Bd3 Rfa8 23. Ra1 Qf4 24. Rxa7 Rxa7 25. Qc2 h5 26. Qc1 Ra2 27. Bc2
h4 28. h3 g5 29. Rd1 Qxc1 30. Rxc1 Kf6 31. f3 Ke7 32. Kf2 b5 33. cxb5 Bxb5 34.
Ke3 Kd7 35. Kd2 Bc6 36. Kc3 d5 37. exd5 Bxd5 38. Rd1 Kc6 39. Rd2 Ra1 40. Rf2 Be6
41. Be4+ Kd6 42. Rd2+ Ke7 43. Bd5 Bd7 44. Bxf7 Bxh3 45. Bg6 Be6 46. Be4 g4 47.
fxg4 Bxg4 48. b4 Re1 49. Bc6 e4 50. b5 e3 51. Rd4 e2 52. Re4+ Kd6 53. Kc2 Ra1
54. Rd4+ Kc5 55. Rxg4 e1=Q 56. Rg5+ Kb6 57. Rg4 Rc1+ 0-1

[Event "Titled Tue 3rd Jan Late"]
[Site "chess.com INT"]
[Date "2025.06.03"]
[Round "4"]
[White "Ghafourian, Amir Ali"]
[Black "Golizadeh, Asghar"]
[Result "1/2-1/2"]
[WhiteTitle "CM"]
[BlackTitle "GM"]
[WhiteElo "2111"]
[BlackElo "2457"]
[WhiteFideId "12533831"]
[BlackFideId "12505269"]
[EventDate "2025.06.03"]

1. f4 d5 2. Nf3 Nf6 3. e3 g6 4. b4 Bg7 5. Bb2 O-O 6. Be2 Qd6 7. b5 a6 8. a4 axb5
9. axb5 Rxa1 10. Bxa1 Ne4 11. Bxg7 Kxg7 12. O-O Nd7 13. d3 Nef6 14. Qd2 e5 15.
fxe5 Nxe5 16. Nd4 Neg4 17. Bxg4 Nxg4 18. g3 Re8 19. Re1 Qf6 20. c3 Qg5 21. e4
Qh5 22. Qg2 dxe4 23. dxe4 Ne5 24. Nd2 Bh3 25. Qf2 Ra8 26. N4f3 Bg4 27. Qd4 Bxf3
28. Nxf3 Re8 29. Nxe5 Rxe5 30. Rf1 Qg5 31. Rf5 gxf5 32. Qxe5+ Qf6 33. Qxf5 Qxc3
34. Qg5+ Kf8 35. Qd8+ Kg7 36. Qg5+ Kf8 37. Qd8+ Kg7 38. Qd5 Qe1+ 39. Kg2 Qe2+
40. Kg1 Qe1+ 41. Kg2 Qe2+ 42. Kg1 Qe3+ 43. Kg2 Qb6 44. Qg5+ Qg6 45. Qe5+ Qf6 46.
Qxc7 Qb2+ 47. Kh3 Qxb5 48. e5 Qf1+ 49. Kg4 Qe2+ 50. Kh3 Qh5+ 51. Kg2 Qe2+ 52.
Kh3 Qf1+ 53. Kg4 Qe2+ 54. Kh3 1/2-1/2

[Event "Titled Tue 3rd Jan Late"]
[Site "chess.com INT"]
[Date "2025.06.03"]
[Round "4"]
[White "Vaganian, Rafael A"]
[Black "Flynn, Jacob"]
[Result "1/2-1/2"]
[WhiteTitle "GM"]
[BlackTitle "CM"]
[WhiteElo "2449"]
[BlackElo "2271"]
[WhiteFideId "13300016"]
[BlackFideId "2509393"]
[EventDate "2025.06.03"]

1. d4 d5 2. c4 e6 3. Nf3 Nf6 4. Nc3 Ne4 5. e3 Bb4 6. Qa4+ Nc6 7. Qc2 O-O 8. a3
Bxc3+ 9. bxc3 Nd6 10. Nd2 Na5 11. cxd5 exd5 12. a4 Re8 13. Ba3 Bf5 14. Qa2 c6
15. Bxd6 Qxd6 16. Be2 b6 17. O-O c5 18. Nb3 Nxb3 19. Qxb3 Re6 20. Rfd1 Rd8 21.
dxc5 bxc5 22. Bf3 Be4 23. Bxe4 Rxe4 24. Rd2 Qc6 25. Rad1 Rxa4 26. h3 g6 27. Rxd5
Rxd5 28. Qxd5 Qxd5 29. Rxd5 Rc4 30. Rd8+ Kg7 31. Ra8 Ra4 32. g4 h5 33. g5 f6 34.
gxf6+ Kxf6 35. Rc8 Rc4 36. Ra8 Ra4 37. Kg2 Ke5 38. Rg8 Kf5 39. Kf3 Rc4 40. Ra8
Rxc3 41. Rxa7 Rc1 42. h4 Rh1 43. Kg3 Rg1+ 44. Kh2 Rc1 45. Kg3 Rg1+ 46. Kf3 Rh1
47. Ra4 Ke5 48. Ke2 Rb1 49. Ra6 Kf5 50. Rc6 Rc1 51. Kf3 Rc4 52. e4+ Rxe4 53.
Rxc5+ Re5 54. Rxe5+ Kxe5 55. Ke3 Kf5 56. f3 g5 57. hxg5 Kxg5 58. Kf2 Kf4 59. Kg2
h4 60. Kh3 Kxf3 61. Kxh4 1/2-1/2

[Event "Titled Tue 3rd Jan Late"]
[Site "chess.com INT"]
[Date "2025.06.03"]
[Round "4"]
[White "Gonzalez Vega, Alejandro"]
[Black "Eswaran, Ashritha"]
[Result "0-1"]
[WhiteTitle "FM"]
[BlackTitle "FM"]
[WhiteElo "2092"]
[BlackElo "2236"]
[WhiteFideId "3510042"]
[BlackFideId "2080788"]
[EventDate "2025.06.03"]

1. d4 Nf6 2. c4 e6 3. Nc3 Bb4 4. e3 O-O 5. Bd3 b6 6. Ne2 Ba6 7. O-O d5 8. cxd5
Bxd3 9. Qxd3 exd5 10. f3 Nbd7 11. Ng3 c5 12. a3 Bxc3 13. bxc3 Re8 14. Ra2 Qe7
15. Re2 Rac8 16. a4 h6 17. Rfe1 cxd4 18. cxd4 Qb4 19. Nf5 Re6 20. Ba3 Qc4 21.
Qd1 Rd8 22. Nd6 Qa6 23. Nb5 Rc6 24. e4 dxe4 25. fxe4 Nf8 26. d5 Rc4 27. Bxf8
Kxf8 28. d6 Qxa4 29. Qxa4 Rxa4 30. e5 Nd7 31. e6 fxe6 32. Rxe6 a6 33. Nc7 Nf6
34. Rxf6+ gxf6 35. Ne6+ Ke8 36. Nc5+ Kf7 37. Nxa4 Rxd6 38. Rb1 b5 39. Nc5 Rc6
40. Ne4 Kg6 41. g4 Rc4 42. Re1 b4 43. h3 b3 44. Nd6 Rb4 45. Rb1 a5 46. Nf5 a4
47. Ne7+ Kf7 48. Nd5 Rd4 49. Nc3 Rd3 50. Nxa4 Rxh3 51. Kf2 Kg6 52. Nc5 b2 53.
Kg2 Rc3 54. Ne4 Rc2+ 55. Kg3 f5 56. gxf5+ Kxf5 57. Nd6+ Ke5 58. Nb5 Ke4 59. Na3
Rc3+ 60. Kh4 Rb3 61. Kh5 Kd3 62. Kxh6 Kc3 63. Rxb2 Rxb2 0-1

[Event "Titled Tue 3rd Jan Late"]
[Site "chess.com INT"]
[Date "2025.06.03"]
[Round "4"]
[White "Adewumi, Tanitoluwa"]
[Black "Tang, Andrew"]
[Result "0-1"]
[WhiteTitle "FM"]
[BlackTitle "GM"]
[WhiteElo "2376"]
[BlackElo "2529"]
[WhiteFideId "30966396"]
[BlackFideId "2059630"]
[EventDate "2025.06.03"]

1. Nf3 d5 2. b3 c5 3. e3 Nc6 4. Bb2 Nf6 5. Bb5 Qb6 6. a4 a6 7. a5 Qc7 8. Bxc6+
Qxc6 9. d3 g6 10. O-O Bg7 11. c4 O-O 12. Nc3 Rd8 13. Qc2 Be6 14. Na4 Nd7 15.
Bxg7 Kxg7 16. Rfc1 dxc4 17. bxc4 Bg4 18. Qc3+ f6 19. Nd2 Rac8 20. Nb3 h5 21. h3
Bf5 22. d4 cxd4 23. exd4 e5 24. d5 Qd6 25. Qe3 Qb4 26. c5 Qe4 27. c6 bxc6 28.
dxc6 Rxc6 29. Rd1 Qxe3 30. fxe3 Rb8 31. Nb6 Nxb6 32. axb6 Rbxb6 33. Na5 Rc3 34.
Rd2 g5 35. Kh2 Kg6 36. Rf1 Be4 37. Rdf2 g4 38. hxg4 hxg4 39. Kg3 Rxe3+ 40. Kh4
f5 41. Nc4 Rbb3 42. Nxe5+ Kg7 43. Rd2 Rb6 44. Rd7+ Kg8 45. Kg5 Bc6 46. Rc7 Rxe5
47. Kf6 Rc5 48. Rd1 Be8+ 49. Kg5 Rxc7 50. Rd7 Rxd7 51. Kf4 a5 52. Kg3 a4 53. Kh4
a3 54. Kg5 a2 55. Kh4 a1=Q 56. Kg3 Qe5+ 57. Kh4 Qf6+ 58. Kg3 Rd3+ 59. Kf4 Rb4# 0-1

[Event "Titled Tue 3rd Jan Late"]
[Site "chess.com INT"]
[Date "2025.06.03"]
[Round "4"]
[White "Montano Vicente, Guadalupe"]
[Black "Toroptseva, Yevheniia"]
[Result "1-0"]
[BlackTitle "WFM"]
[WhiteElo "1940"]
[BlackElo "2064"]
[WhiteFideId "5181399"]
[BlackFideId "34109374"]
[EventDate "2025.06.03"]

1. d4 c6 2. c4 g6 3. Nc3 Bg7 4. e4 d6 5. Be3 e5 6. d5 f5 7. exf5 Bxf5 8. Be2 Nf6
9. Nf3 O-O 10. O-O c5 11. Nd2 Re8 12. g4 Bc8 13. g5 Nfd7 14. Nde4 Bf8 15. Bg4 a6
16. a4 b6 17. b3 Kh8 18. h4 Be7 19. Ne2 Nf8 20. N2g3 Bxg4 21. Qxg4 Qd7 22. f3
Kg7 23. Kg2 a5 24. h5 Na6 25. hxg6 Qxg4 26. fxg4 Nxg6 27. Nf5+ Kg8 28. Nxe7+
Rxe7 29. Nxd6 Nb4 30. Rac1 Rd8 31. Ne4 Nd3 32. Rc2 Ndf4+ 33. Kg3 Kg7 34. Rh2 Rf7
35. Rfh1 Rh8 36. Nf6 h5 37. gxh5 Ne7 38. h6+ Kg6 39. Bxf4 exf4+ 40. Kxf4 Ng8 41.
Ke5 Rxf6 42. gxf6 Nxf6 43. Rg2+ Kf7 44. Rf1 Re8+ 45. Kd6 Rd8+ 46. Kc7 Rd7+ 47.
Kxb6 Rd6+ 48. Kxc5 Ke7 49. Rg7+ Kd8 50. Rg6 Kc8 51. Rgxf6 Kb7 52. Rxd6 Ka7 53.
Rb6 Ka8 54. Rb5 Ka7 55. Rf7+ Ka8 56. Rf6 Ka7 57. Rfb6 Ka8 58. Ra6# 1-0

[Event "Titled Tue 3rd Jan Late"]
[Site "chess.com INT"]
[Date "2025.06.03"]
[Round "4"]
[White "Kalyani Sirin"]
[Black "Galchenko, Matvey"]
[Result "0-1"]
[WhiteTitle "WFM"]
[BlackTitle "IM"]
[WhiteElo "2136"]
[BlackElo "2442"]
[WhiteFideId "33323500"]
[BlackFideId "24175480"]
[EventDate "2025.06.03"]

1. e4 e6 2. d4 d5 3. e5 c5 4. c3 Qb6 5. Nf3 Nc6 6. a3 Nh6 7. b4 cxd4 8. cxd4 Nf5
9. Be3 f6 10. exf6 gxf6 11. Bd3 Nxe3 12. fxe3 Bh6 13. Qe2 Bd7 14. O-O O-O-O 15.
Nc3 Ne7 16. e4 Kb8 17. e5 f5 18. a4 Ng6 19. a5 Qc7 20. Nb5 Bxb5 21. Bxb5 Qc3 22.
Rab1 Nf4 23. Qe1 Qc2 24. Rf2 Qe4 25. a6 Rhg8 26. Kh1 Nxg2 27. Rxg2 Qxf3 28. Qe2
Qf4 29. Rd1 Rxg2 30. Qxg2 Qe4 31. axb7 Kxb7 32. Bd3 Qxg2+ 33. Kxg2 Bf8 34. Rb1
Rc8 35. Bb5 Rc7 36. Be8 Bh6 37. Rb3 Bf4 38. b5 Rc2+ 39. Kf3 Bxh2 40. Bc6+ Kc7
41. Ra3 a5 42. Rxa5 Bg1 43. Ra7+ Kb6 44. Rb7+ Ka5 45. Ra7+ Kb4 46. b6 Bxd4 47.
b7 Bxa7 48. Bxd5 exd5 49. e6 Rc7 0-1

[Event "Titled Tue 3rd Jan Late"]
[Site "chess.com INT"]
[Date "2025.06.03"]
[Round "4"]
[White "Leiva, Gianmarco"]
[Black "Grzesik, Gracjan"]
[Result "0-1"]
[WhiteTitle "IM"]
[BlackTitle "CM"]
[WhiteElo "2387"]
[BlackElo "2175"]
[WhiteFideId "3804399"]
[BlackFideId "1194593"]
[EventDate "2025.06.03"]

1. e4 c5 2. Nf3 d6 3. Bb5+ Bd7 4. Bxd7+ Qxd7 5. Ke2 Qg4 6. Nc3 Qxg2 7. Nd5 Na6
8. d3 Qg4 9. Rg1 Qd7 10. c4 e6 11. Nc3 Nf6 12. Bf4 Nh5 13. Be3 g6 14. Qd2 Bg7
15. Bh6 O-O 16. Bxg7 Kxg7 17. Rg4 Nb4 18. Rag1 e5 19. a3 Nc6 20. Nd5 Ne7 21. Qg5
Nxd5 22. cxd5 Nf4+ 23. Rxf4 exf4 24. Qxf4 f5 25. Ng5 Rae8 26. Ne6+ Rxe6 27. dxe6
Qxe6 28. Qe3 f4 29. Qf3 Qb3 30. Rd1 Qxb2+ 31. Kf1 Qe5 32. Rb1 b6 33. h4 Rf7 34.
a4 Qd4 35. a5 bxa5 36. h5 a4 37. Rb8 a3 38. Qh3 Qe5 39. h6+ Kf6 40. Qh4+ Qg5 41.
Qh3 a2 42. e5+ Qxe5 43. Qh4+ Qg5 44. Qxg5+ Kxg5 45. Rb1 axb1=Q+ 0-1

[Event "Titled Tue 3rd Jan Late"]
[Site "chess.com INT"]
[Date "2025.06.03"]
[Round "4"]
[White "Khanbutaev, Artemii"]
[Black "Postny, Evgeny"]
[Result "1-0"]
[BlackTitle "GM"]
[WhiteElo "2059"]
[BlackElo "2525"]
[WhiteFideId "55747175"]
[BlackFideId "2804344"]
[EventDate "2025.06.03"]

1. d4 Nf6 2. c4 e5 3. dxe5 Ne4 4. Qc2 Nc5 5. Nf3 Nc6 6. a3 a5 7. Nc3 d6 8. exd6
Bxd6 9. Bg5 f6 10. Bh4 Be6 11. e3 Qe7 12. Be2 O-O-O 13. O-O g5 14. Bg3 Bxg3 15.
hxg3 h5 16. Rfd1 Rxd1+ 17. Rxd1 h4 18. gxh4 gxh4 19. Nd4 Bd7 20. Nd5 Qg7 21.
Nxc6 bxc6 22. Nf4 h3 23. Qg6 h2+ 24. Kh1 Qe7 25. Bg4 Bxg4 26. Qxg4+ Kb7 27. Qf3
Qh7 28. b4 axb4 29. axb4 Ne4 30. b5 cxb5 31. Rd4 f5 32. cxb5 Ra8 33. Nh3 Qe7 34.
Kxh2 Qe5+ 35. Qf4 Qxb5 36. f3 Nd6 37. Rb4 Ra5 38. Rxb5+ Rxb5 39. Ng5 Rb6 40. g4
Rb2+ 41. Kg3 fxg4 42. Qxg4 Rb3 43. e4 Nc4 44. Qf4 Rb1 45. Ne6 Nd6 46. Qe3 Rb5
47. Qd4 Rb6 48. Nd8+ Kc8 49. Ne6 Nb5 50. Qh8+ Kb7 51. Nc5+ Kc6 52. Nd3 Kb7 53.
Qe5 Rg6+ 54. Kf2 Rb6 55. Nb4 Nd6 56. Qd5+ Kb8 57. Nc6+ Kb7 58. e5 Nc8 59. Nd4+
Kb8 60. Nc6+ Kb7 61. Ne7+ Kb8 62. Qd8 1-0

[Event "Titled Tue 3rd Jan Late"]
[Site "chess.com INT"]
[Date "2025.06.03"]
[Round "4"]
[White "Naroditsky, Daniel"]
[Black "Lazavik, Denis"]
[Result "1-0"]
[WhiteTitle "GM"]
[BlackTitle "GM"]
[WhiteElo "2619"]
[BlackElo "2577"]
[WhiteFideId "2026961"]
[BlackFideId "13515110"]
[EventDate "2025.06.03"]

1. e4 c5 2. Nf3 Nc6 3. Bb5 e6 4. O-O Nge7 5. d4 cxd4 6. Nxd4 Ng6 7. Nxc6 bxc6 8.
Bd3 d5 9. Nc3 Bc5 10. Kh1 O-O 11. Qh5 a5 12. f4 f5 13. e5 Ba6 14. Bxa6 Rxa6 15.
Na4 Be7 16. Qe2 Ra8 17. c4 d4 18. c5 Rf7 19. Qc4 Qd5 20. Qxd5 exd5 21. Rd1 Nf8
22. Rxd4 Ne6 23. Rd3 Bxc5 24. Rc3 Bb4 25. Rd3 Rd8 26. a3 Bf8 27. Bd2 c5 28. b3
Ra7 29. Rc1 d4 30. g3 Rb8 31. Nb2 Be7 32. a4 Bd8 33. Nc4 g6 34. Kg2 Kf7 35. Nd6+
Ke7 36. Nb5 Rab7 37. Rc4 Kd7 38. Bc1 Be7 39. Ba3 Rd8 40. Bc1 Nc7 41. Nxc7 Rxc7
42. Bd2 Ra8 43. Kf3 Rb7 44. Ke2 Rab8 45. Bxa5 Rxb3 46. Bd2 Kc6 47. Rdxd4 Ra3 48.
e6 Bd6 49. Rd3 Ra2 50. Kf3 Re8 51. Be3 Rxe6 52. Rdc3 Kd7 53. Bxc5 Rxh2 54. Rd3
Ke7 55. Rxd6 Rxd6 56. Rd4 1-0

[Event "Titled Tue 3rd Jan Late"]
[Site "chess.com INT"]
[Date "2025.06.03"]
[Round "4"]
[White "De Silva, L M S T"]
[Black "Lyakh, Vasiliy"]
[Result "1-0"]
[WhiteTitle "IM"]
[WhiteElo "2391"]
[BlackElo "2116"]
[WhiteFideId "9953698"]
[BlackFideId "14189828"]
[EventDate "2025.06.03"]

1. e4 c5 2. Nf3 d6 3. Bb5+ Nd7 4. Ba4 Nf6 5. O-O g6 6. Re1 Bg7 7. c3 a6 8. d4 b5
9. Bc2 O-O 10. e5 Ne8 11. e6 fxe6 12. Ng5 Nc7 13. Nxh7 Kxh7 14. Qh5+ Kg8 15.
Qxg6 Rf6 16. Qh7+ Kf8 17. Re3 Qe8 18. Rg3 Qf7 19. h4 Rxf2 20. Bh6 Rf1+ 21. Kh2
Ne8 22. Rxg7 Qxg7 23. Bxg7+ Nxg7 24. Bg6 Nf6 25. Qh8+ Ng8 26. h5 Nf5 27. h6 Nxh6
28. Bh7 Kf7 29. Bxg8+ Nxg8 30. Qh5+ Kf8 31. Qe2 Rf7 32. dxc5 e5 33. cxd6 exd6
34. Nd2 Nf6 35. Ne4 Ng4+ 36. Kg1 d5 37. Ng5 Rg7 38. Rf1+ Kg8 39. Nf3 e4 40. Qd2
Be6 41. Nd4 Bf7 42. Qf4 Rf8 43. Nf5 Rg6 44. Ne7+ Kg7 45. Nxg6 Kxg6 46. Qxg4+ Kh6
47. Rf6+ Kh7 48. Qg5 Rg8 49. Rh6# 1-0

[Event "Titled Tue 3rd Jan Late"]
[Site "chess.com INT"]
[Date "2025.06.03"]
[Round "4"]
[White "Loskutova, Viktoriya"]
[Black "Thomforde-Toates, Noah"]
[Result "0-1"]
[WhiteTitle "WFM"]
[WhiteElo "2066"]
[BlackElo "2128"]
[WhiteFideId "34166278"]
[BlackFideId "30951992"]
[EventDate "2025.06.03"]

1. e4 c5 2. Nf3 g6 3. d4 cxd4 4. Nxd4 Bg7 5. c4 Nc6 6. Be3 Nf6 7. Nc3 Ng4 8.
Qxg4 Nxd4 9. Qd1 e5 10. Nb5 O-O 11. Qd2 Re8 12. Nd6 Re6 13. c5 Qh4 14. Bg5 Qh5
15. Bc4 Qg4 16. Bxe6 dxe6 17. f3 Qh5 18. O-O Bd7 19. Be3 Bc6 20. b4 a6 21. Rab1
Rd8 22. Qf2 f5 23. exf5 gxf5 24. Rfd1 Qg6 25. Kh1 h5 26. Bxd4 exd4 27. Rxd4 Bxd4
28. Qxd4 Rd7 29. Re1 Bd5 30. a4 Qg7 31. Qxg7+ Kxg7 32. Kg1 h4 33. Kf2 Kf6 34.
Re3 b6 35. Rc3 bxc5 36. bxc5 Bc6 37. a5 Bd5 38. Rc2 Ke7 39. Ke3 Rc7 40. Kd4 h3
41. Nxf5+ Kf6 42. Nd6 hxg2 43. Rxg2 Rh7 44. Rb2 Rh4+ 45. Ne4+ Ke7 46. Rb6 Rxh2
47. Rxa6 Rh3 48. f4 Rf3 49. Ng5 Rxf4+ 50. Ke3 Rc4 51. Ra7+ Kf6 52. Nh7+ Ke5 53.
a6 Rxc5 54. Rg7 Rc3+ 55. Kd2 Ra3 56. a7 Kd4 57. Nf8 e5 58. Nd7 Ra2+ 59. Kc1 Rxa7
60. Rg4+ e4 61. Nf6 Bc6 0-1

[Event "Titled Tue 3rd Jan Late"]
[Site "chess.com INT"]
[Date "2025.06.03"]
[Round "4"]
[White "Aliyev, Elnur"]
[Black "El Jawich, Amro"]
[Result "1-0"]
[WhiteTitle "CM"]
[BlackTitle "FM"]
[WhiteElo "2155"]
[BlackElo "2307"]
[WhiteFideId "13402617"]
[BlackFideId "5300380"]
[EventDate "2025.06.03"]

1. Nf3 g6 2. e4 Bg7 3. d4 d6 4. Bc4 Nc6 5. h3 Nf6 6. Qe2 e5 7. dxe5 dxe5 8. O-O
O-O 9. Rd1 Qe7 10. b3 Nd4 11. Nxd4 exd4 12. e5 Nd7 13. f4 c5 14. c3 dxc3 15.
Nxc3 Nb6 16. Rd6 Nxc4 17. Nd5 Qe8 18. bxc4 Be6 19. Rb1 b6 20. Nc7 Qa4 21. Nxe6
fxe6 22. Rb3 Rfe8 23. Kh2 Bf8 24. Rd1 Rad8 25. Rxd8 Rxd8 26. Be3 Qc6 27. h4 Qe4
28. h5 Bh6 29. Qf2 Rf8 30. g3 Qxc4 31. hxg6 hxg6 32. Qf3 Qc2+ 33. Kh3 Qf5+ 34.
Qg4 Qxg4+ 35. Kxg4 Rd8 36. a4 c4 37. Rb4 Rc8 38. Bc1 Bf8 39. Rb5 Bc5 40. a5 Kf7
41. a6 Bd4 42. Rb1 Rc5 43. Kf3 Ra5 44. Ke4 Bc5 45. g4 Rxa6 46. f5 gxf5+ 47. gxf5
exf5+ 48. Kxf5 Ra2 49. Bf4 Rf2 50. Rh1 Be3 51. Rh7+ Kg8 52. Kg6 1-0